Remote sensing and image interpretation

Na minha lista:
Detalhes bibliográficos
Main Authors: Lillesand, Thomas M. (Author), Kiefer, Ralph W. (Author), Chipman, Jonathan W. (Author)
Formato: Livro
Idioma:inglês
Publicado em: Hoboken : John Wiley & Sons, 2008
Tags: Adicionar Tag
Sem tags, seja o primeiro a adicionar uma tag!

MARC

LEADER 00000nam a22000003a 4500
001 stu178031
005 20190206124608.0
008 090119s2008----xxu-----------------eng-d
020 |a 978-0-470-05245-7 
040 |a STU  |b slo 
041 0 |a eng 
044 |a xxu 
080 |a 621.36  |7 stu_us_auth*stu3769 
100 1 |a Lillesand, Thomas M.  |4 aut 
245 1 |a Remote sensing and image interpretation 
260 |a Hoboken :  |b John Wiley & Sons,  |c 2008 
300 |a 12,756 s 
700 1 |a Kiefer, Ralph W.  |4 aut 
700 1 |a Chipman, Jonathan W.  |4 aut 
996 |c V*50458/O-22543  |l VV4  |s P  |a 0  |w stu178031_0001